Quizzes
Events
Quiz Creation
Community
Videos
Private Events
Remove Ads
Sign In
Join for FREE
Feedback
Dark Mode
Quiz Categories
Sports
Geography
Music
Movies
Television
Just For Fun
Miscellaneous
History
Literature
Language
Science
Gaming
Entertainment
Religion
Holiday
For Kids
Quiz Lab
Recent
Popular Today
Quiz Kudos Today
Editor Picks
Curator Picks
Quizzes by...
Day
Popularity
Type
Ratings
Length
Year
Community
Subscriptions
Recent Discussions
Orange Saloon
Badges
Playlists
Quests
Create
Leaderboards
Showdown
Live 5
Trivia Bingo
Activity
Puzzle Library
Sporcle Events
Private Events
Virtual Trivia
Globe League
Become a Host
Pub Owners
SporcleCon
Opinionation
Our Games
Videos
Blog
Mobile Apps
Partnerships
Remove Ads and Go Orange
Feedback
Sports
Athletes
MLB
NBA
NHL
NFL
Soccer
Sports Teams
WWE
NCAA
Football
Premier League
Basketball
Baseball
Hockey
Golf
Tennis
Cricket
Rugby
Auto Racing
Olympics
World Cup
Sports
Athletes
MLB
NBA
NHL
NFL
Soccer
Sports Teams
WWE
NCAA
Football
Premier League
Basketball
Baseball
Hockey
Golf
Tennis
Cricket
Rugby
Auto Racing
Olympics
World Cup
Random Quiz
Search Sporcle
×
Quiz Lab
Quiz Lab
Sports
PPV
Type in answers that appear in a list
Type in answers that appear in a list
Classic
Best Score? Go Orange.
Terry Funk PPV Opponents Stats
Can you name the Terry Funk PPV Opponents?
By
TheDynasty0
15m
43 Questions
255 Plays
255 Plays
255 Plays
Comments
Comments
Give Quiz Kudos
Give Quiz Kudos
-
- Ratings
hide this ad
Replay
Link that replays current quiz
Next Quiz
Link to next quiz in quiz playlist
You Got
0%
They Got
Avg Score
67%
Avg Friend Score
Upgrade to see
Score Distribution
Jump to the score distribution portion of the page
Score
0/43
Timer
15:00
0
Plays Today
PPV
Opponent
% Correct
NWA The Great American Bash 1989
Ric Flair
95.3%
NWA Halloween Havoc 1989
Ric Flair
95.3%
WCW SuperBrawl 2000
Ric Flair
95.3%
WWF Royal Rumble 1997 (Winner)
Steve Austin
90.2%
WWF Royal Rumble 1998 (Winner)
Steve Austin
90.2%
WWF No Way Out of Texas 1998
Billy Gunn
90.2%
WWF WrestleMania XIV 1998
Billy Gunn
90.2%
WWE One Night Stand 2006
Mick Foley
89.8%
WWF No Way Out of Texas 1998
Road Dogg
89.4%
WWF WrestleMania XIV 1998
Road Dogg
89.4%
NWA Halloween Havoc 1989
Sting
85.1%
ECW Barely Legal 1997
The Sandman
84.7%
WWF Wrestlemania II 1986
Junk Yard Dog
84.3%
ECW Barely Legal 1997
Raven
83.1%
WWF No Way Out of Texas 1998
Triple H
82.4%
WCW Bash At The Beach 1994
Dustin Rhodes
78%
WCW Fall Brawl 1994
Dustin Rhodes
78%
WCW Uncensored 2000
Dustin Rhodes
78%
WCW Fall Brawl 1994
Dusty Rhodes
76.9%
ECW Hardcore Heaven 1997
Shane Douglas
75.7%
WWE One Night Stand 2006
Edge
72.5%
WWF Wrestlemania II 1986
Tito Santana
69%
PPV
Opponent
% Correct
AWE Night of the Legends 2011
Tommy Dreamer
67.5%
WCW Bash At The Beach 1994
Arn Anderson
66.7%
WWF No Way Out of Texas 1998
Savio Vega
66.7%
WCW Souled Out 2000
Kevin Nash
66.7%
ECW Barely Legal 1997
Stevie Richards
65.1%
WCW Fall Brawl 1994
Brian Knobbs
64.7%
WCW Halloween Havoc 1994
Brian Knobbs
64.7%
WCW Fall Brawl 1994
Jerry Sags
64.3%
WCW Halloween Havoc 1994
Jerry Sags
64.3%
WWF Fully Loaded 1998
Faarooq
56.5%
WCW Spring Stampede 2000
Norman Smiley
49.4%
WCW Slamboree 2000
Norman Smiley
49.4%
JCW Legends & Icons 2011
Roddy Piper
46.7%
WWF Fully Loaded 1998
2 Cold Scorpio
42.7%
JCW Legends & Icons 2011
Bob Orton
34.9%
WCW StarrCade 2000
Crowbar
34.1%
WCW Slamboree 2000
Ralphus
27.8%
NWA TNA Weekly PPV #79 2004
CM Punk
24.3%
NWA TNA Weekly PPV #81 2004
CM Punk
24.3%
NWA TNA Weekly PPV #79 2004
Julio Dinero
19.6%
NWA TNA Weekly PPV #81 2004
Julio Dinero
19.6%
Quiz Playlist
Details
Report
Send in Message
Add To Playlist
Classic:
Type in answers that appear in a list
Last Updated: Feb 16, 2017
Quiz Scoreboard
CHALLENGE
Sign Up to Join the Scoreboard
Show All
Scores
Hide
Comments
May contain spoilers
Recently Published
College Basketball Coaching Resumes
by pancakes188
Sports
9m
Billboard Blitz: Fleetwood Mac
by CooCooCachoo
Music
15s
Presidents Visiting Landmarks
by Hejman
History
7m
More to Explore
Quiz From the Vault
Featured Blog Post
Where Did the Easter Bunny Come From?
hide this ad
You Might Also Like...
Tags
funk
opponent
PPV
PPV Opponents
Terry
Today's Top Quizzes in Sports
Browse Sports
hide this ad
Today's Top Quizzes in PPV
Browse PPV
Top Contributed Quizzes in Sports
1
Les meilleurs buteurs des matchs entre le PSG et l’OM
2
2022 World Cup Stars
3
FIFA Club World Cup Champions
4
Les entraîneurs de l'OM et du PSG au 21e siècle
5
Criteria MLB: Left Handed Sluggers
6
AFC Teams Reveal (Wrong Answers Minefield)
7
5-to-1: UK Sports Teams
8
Name the Premier League winners with different clubs
9
5-to-1: FBS Animal Nicknames
10
Players with Multiple 50 Home Run Seasons
Explore More
Trending Topics
NBA
Crossword
Anime
Marvel
Disney
Harry Potter
Kpop
Pokémon
Song
WWE
NFL
Puzzle
The Office
Country
Soccer
hide this ad
More By:
TheDynasty0
Quiz
Plays
Rating
Category
Featured
Created
Seattle Mariners Opening Day Starting Pitchers
19,056
4.49
Sports
Apr 6, 2012
Toronto Blue Jays Opening Day Starting Pitchers
15,933
4.69
Sports
Apr 5, 2012
Daniel Bryan WWE PPV Opponents
5,940
4.31
Sports
Jul 19, 2012
Wrestlers who have had a WWE Championship PPV Match
5,146
4.58
Sports
Sep 8, 2012
2013 PWI 500 (Top 100)
3,864
4.31
Sports
Aug 22, 2013
Go to Creator's Profile
Score Distribution
Quiz Creator Spotlight
TheDynasty0
Follow
Send a Message
Quizzes Created
-
Created Quiz Play Count
-
More By This Creator
Popular Quizzes Today
1
Find the US States - No Outlines Minefield
2
Find the Countries of Europe - No Outlines Minefield
3
The Countries of the World
4
Find the US States
5
Risky Map Clicking: Biggest States A-Z
6
US States
7
Popular People in 1961
8
Movies - When Are They Set?
More Sports Quizzes
Twins Greats: Killebrew, Oliva, Puckett, or Mauer
Editor's Pick
Trending Quizzes
Risky Map Clicking: Least Populous States A-Z
1-10 Letter G Words
1-10 Letter F Words
Risky Map Clicking: Next State Alphabetically
Click the Washington State Counties! (Map)
Recently Updated
Leaping Animals
pecheneg
Reality TV Shows (A-Z)
bhenderson79
Rickey Henderson's Hall of Fame Teammates
pecheneg
Champions League XIs: Arsenal
pecheneg
Quick Pick: Celebrities in WWE's Hall of Fame
aduchscher
A-Z Keypad Blitz II
pecheneg
Multiple Oscar Actors
pecheneg
Mystery Phrase Blitz: Oscar 'Best Actors'
pecheneg
F. Scott Fitzgerald Novels
LTH
Pick 3 Villains
ddd62291
Trending Topics
NBA
Anime
Harry Potter
Kpop
Marvel
Disney
Crossword
Pokémon
WWE
Soccer
Country
The Office
NFL
Song
Puzzle
Your Account Isn't Verified!
In order to create a playlist on Sporcle, you need to verify the email address you used during registration. Go to your
Sporcle Settings
to finish the process.
Report this User
Report this user for behavior that violates our
Community Guidelines
.
Details:
Send Report
Go to the Sporcle.com Mobile Site →
Comments